LEADER 01147nam a2200277 u 4500 001 000000045314 003 CaOOAMICUS 005 20070226114640.0 008 990528s1969 it u000 u ita u 035 $a10824764 040 $aPUL(R)$bita$dPUL(R) 100 1 $aStroppa, Claudio.$0(OLS)http://pul/name/32941 245 10$aSociologia rurale :$btesti e documenti /$cClaudio Stroppa. 260 $aMilano :$bEditore Ulrico Hoepli.,$cc1969. 300 $a642 p. ;$c25 cm 490 1 $aLa conoscenza sociologica.$aTesti e documenti 500 $aInclude indici. 504 $aBibliografia in nota. 650 4$aSociologia rurale$xStudi.$0(OLS)http://pul/subject/19510 830 3$aLa conoscenza sociologica.$pTesti e documenti.$0(OLS)http://pul/title/61098 850 $aPUL 852 $aPUL$W1$xDP1 Cons. Gen., Altre Classi 1$y22$m46 H 47$j60905$nBK-PRI$b $qStampati$B60905$CPULBib$Z2$F60905 $H $81 941 1 $a8 961 $aINV: 44925 996 $6245$aSociologia rurale :$btesti e documenti$9(OLS)http://pul/title/61097 996 $6260$aMilano :$bEditore Ulrico Hoepli.$9(OLS)http://pul/publisher/66097 LEADER 01630nam a2200337 u 4500 001 000000081735 003 CaOOAMICUS 005 20070226123804.0 008 050330s2004 it u000 u ita u 020 $a88-311-9176-4 035 $a11036410 040 $aEFR$bita 245 10$aCronologia ambrosiana ; Bibliografia ambrosiana (1900-2000) /$ca cura di Giuseppe Visoną. 246 38$aOpera omnia di Sant'Ambrogio 260 $aMilano :$bBiblioteca Ambrosiana ;$aRoma :$bCittą Nuova,$c2004. 300 $a681 p. ;$c24 cm. +$e1 cd-rom 490 1 $aTutte le opere di sant'Ambrogio.$aSussidi ;$v25-26 500 $aIndex p. [623]-681. 600 04$aAmbrosius,$cs., vesc. di Milano,$dc. 340-397$xCronologia.$0(OLS)http://pul/subject/28156 700 1 $aVisoną, Giuseppe,$d1951-$0(OLS)http://pul/name/1174 740 02$aBibliografia ambrosiana (1900-2000) 830 0$aTutte le opere di sant'Ambrogio.$pSussidi ;$v25-26.$0(OLS)http://pul/title/5597 850 $aPUL 852 $aPUL$W1$xSL Religione 1$y3$m21 H 25-26$j104220$nBK-PRI$qStampati$B104220$CPULBib$Z2$F104220 $HPUL100532 $81 941 1 $a8 996 $6020$a88-311-9176-4$9(OLS)http://pul/number/108267 996 $6245$aCronologia ambrosiana ; Bibliografia ambrosiana (1900-2000)$9(OLS)http://pul/title/106850 996 $6246$aOpera omnia di Sant'Ambrogio$9(OLS)http://pul/title/5596 996 $6740$aBibliografia ambrosiana (1900-2000)$9(OLS)http://pul/title/106851 996 $6260$aMilano :$bBiblioteca Ambrosiana$9(OLS)http://pul/publisher/49058 996 $6260$aRoma :$bCittą Nuova$9(OLS)http://pul/publisher/47927